| 000 | 00406nam a2200145Ia 4500 | ||
|---|---|---|---|
| 008 | 230312s9999||||xx |||||||||||||| ||und|| | ||
| 020 | _a0-19-579859-7 | ||
| 082 |
_a954.91 _bSOC |
||
| 245 | 0 | _aSocial Development In Pakistan | |
| 260 |
_bOXFORD PRESS _aNew York _c2002 |
||
| 300 | _a247 | ||
| 546 | _aEng. | ||
| 650 |
_aLiterature _vForeword , Team , Viewes of a leading social sector personality |
||
| 942 | _cBK | ||
| 999 |
_c208 _d208 |
||